Zdroje financovania investičných projektov bakalárska práca

Gespeichert in:
Bibliographische Detailangaben
1. Verfasser: Páleník, Martin
Körperschaft: Národohospodárska fakulta EU. Katedra hospodárskej politiky
Weitere Verfasser: Kopkáš, Peter
Format: Buch
Sprache:Slowakisch
Veröffentlicht: Bratislava 2010
Tags: Tag hinzufügen
Keine Tags, Fügen Sie das erste Tag hinzu!

MARC

LEADER 00000nbm a2200000 4500
001 0133062
005 20161109111503.5
041 0 |a slo 
044 |a SK 
245 1 0 |a Zdroje financovania investičných projektov  |b bakalárska práca  |c Martin Páleník ; školiteľ: Peter Kopkáš 
264 1 |a Bratislava  |c 2010 
300 |a 53 s. 
100 1 |a Páleník, Martin 
700 1 |a Kopkáš, Peter 
710 2 |a Národohospodárska fakulta EU. Katedra hospodárskej politiky